000 00313nam a2200133Ia 4500
008 150201s2008 xx 000 0 und d
082 _a612.015
_bM08K
100 _aKAPOOR,RK
245 _aTB OF MEDICAL BIOCHEMISTRY
250 _a1ST
260 _bCBS
_aDELHI
_c2008
650 _aBIOCHEMISTRY
942 _2ddc
_cBK
_014
999 _c894
_d894